Köse Kadı/ (Record no. 9771)
| 000 -BAŞLIK | |
|---|---|
| Sabit Uzunluktaki Kontrol Alanı | 02203nam a22003377a 4500 |
| 001 - KONTROL NUMARASI | |
| Control Dosyası | 0009799 |
| 003 - KONTROL NUMARASI KİMLİĞİ | |
| Kontrol Alanı | KOHA_MİRAKIL |
| 005 - EN SON İŞLEM TARİHİ ve ZAMANI | |
| Kontrol Alanı | 20260207001722.0 |
| 007 - FİZİKSEL TANIM SABİT ALAN - GENEL BİLGİ | |
| Sabit uzunluklu kontrol alanı | ta |
| 008 - SABİT UZUNLUKTAKİ VERİ ÖGELERİ - GENEL BİLGİ | |
| Sabit Alan | 091026b2009 tu |||gr||||#0|||1|tur | |
| 040 ## - KATALOGLAMA KAYNAĞI | |
| Özgün Kataloglama Kurumu | TR-BiSEU |
| Kataloglama Dili | tur |
| Çeviri Kurumu | TR-BiSEU |
| Açıklama Kuralları | rda |
| 041 0# - DİL KODU | |
| Metin ya da ses kaydının dil kodu | tur |
| 044 ## - YAYINLAYAN/ÜRETEN KURULUŞUN ÜLKE KODU | |
| ISO country code | tu |
| 050 ## - SINIFLAMA ve YER NUMARASI | |
| Sınıflama Numarası | PL248.O95 |
| Yer Numarası | K67 2009 |
| 100 1# - KİŞİ ADI | |
| Yazar Adı (Kişi adı) | Özkişi, Bahaeddin. |
| 245 1# - ESER ADI BİLDİRİMİ | |
| Başlık | Köse Kadı/ |
| Sorumluluk Bildirimi | Bahaeddin Özkişi ; Bahaeddin Özkişi. |
| 264 #1 - ÜRERİM, YAYIN, DAĞITIM ve TELİF BİLDİRİMİ | |
| Yayın yeri | İstanbul : |
| Yayınlayan | Ötüken |
| Yayın tarihi | 2009 |
| 300 ## - FİZİKSEL TANIMLAMA | |
| Sayfa, Cilt vb. | 282 sayfa; 21 cm. |
| 336 ## - İÇERİK TÜRÜ | |
| Content type term | metin |
| Content type code | txt |
| Source | rdacontent |
| 337 ## - MEDYA TÜRÜ | |
| Media type term | aracısız |
| Media type code | n |
| Source | rdamedia |
| 338 ## - TAŞIYICI TÜRÜ | |
| Carrier type term | cilt |
| Carrier type code | nc |
| Source | rdacarrier |
| 490 1# - DİZİ BİLDİRİMİ | |
| Dizi Bildirimi | Ötüken yayınları ; |
| Cilt Numarası | 71. |
| 490 1# - DİZİ BİLDİRİMİ | |
| Dizi Bildirimi | Edebi eserler ; |
| Cilt Numarası | 33. |
| 505 ## - İÇİNDEKİLER NOTU | |
| İçindekiler Notu | Ülkemizde henüz zayıf bir mevkide bulunan tarihi ve nehir roman türlerinin erken ve güzel örnekleri... |
| 650 #0 - KONU BAŞLIĞI EK GİRİŞ - KONU TERİMİ | |
| Konusal terim veya coğrafi ad | Türkçe roman. |
| 9 (RLIN) | 24154 |
| 650 #0 - KONU BAŞLIĞI EK GİRİŞ - KONU TERİMİ | |
| Konusal terim veya coğrafi ad | Turkish fiction. |
| 9 (RLIN) | 6661 |
| 830 1# - SERİ EK GİRİŞİ - TEKBİÇİM ESER ADI | |
| Tekbiçim Başlık | Ötüken yayınları ; |
| Volume number/sequential designation | 71. |
| 9 (RLIN) | 6723 |
| 830 1# - SERİ EK GİRİŞİ - TEKBİÇİM ESER ADI | |
| Tekbiçim Başlık | Edebi eserler ; |
| Volume number/sequential designation | 33. |
| 9 (RLIN) | 7086 |
| 907 ## - LOCAL DATA ELEMENT G, LDG (RLIN) | |
| a | Roman |
| 942 ## - EK GİRİŞ ÖGELERİ (KOHA) | |
| Source of classification or shelving scheme | Library of Congress Classification |
| Koha item type | Book |
| 505 ## - İÇİNDEKİLER NOTU | |
| -- | Köse Kadı ve Uçdaki Adam birbirini takip eder tarzda yazılmış; esas karakterlerin bir ikisi eksilse de yardımcı ve gölge karakterlerin önemli bir kısmı iki romanda da var olmuştur. Özkişi, gidiş heyecanıyla dönüş acısını birbirine ekleyerek Macar serhadlerindeki sergüzeştimizi hikâyeleştirmiş. Serhad boylarının atmosferini oluştururken gerçeklere riayet etmeye gayret etmiş, ayrıntıları işlerken hayal gücünün okuyana zevk veren kıvrımlarında dolaşmış. Romanlar böyle bir amaçları olmasa dahi okuyucuya bir bilinmeyen tarih muhayyilesi kazandırıyor ve fetih mücadelelerinin zannedildiği kadar iptidai bir hüviyetinin olmadığını; hadiselerin zannedildiğinden daha çetrefilli bir mahiyet arz ettiğini düşündürüyor. |
| -- | Harap kulübelerde yaşayan casus dilenciler vardır; kâşanelerde gününü gün eden korkak yöneticiler de. Cihanşümul bir imparatorluğun daracık bir havalide can bulmaya başladığı vakitlerde, tarih yalnızca kılıçların gölgesinde serinleyen bir tembel değildir. Akıl oyunlarının ve bin bir türlü cambazlığın da bu oluşta bir rolü vardır. |
| -- | |
| Materyal Türü | Kalıcı Konum | Mevcut Konum | Raf Yeri | Sınıflandırma Kaynağı | Edinim Bilgisi | Ana Konular | Alt Konular | Yer Numarası | Demirbaş Numarası | Fatura Tarihi | Maliyet, Alış Fiyatı | Maliyet, Yenileme Fiyatı | Geri Çekilme Durumu | Kayıp Durumu | Hasarlı Durumu | Kredi için değil | Kayıt Tarih | Toplam Ödünçverme | Son Görülme Tarihi | Son Kontrol Tarihi | Genel / Bağış Notu |
|---|---|---|---|---|---|---|---|---|---|---|---|---|---|---|---|---|---|---|---|---|---|
| Book | Prof. Dr. Azmi Özcan Kütüphanesi | Prof. Dr. Azmi Özcan Kütüphanesi | Birûni Salonu | Library of Congress Classification | Bağış | DİL VE EDEBİYAT | Doğu Asya, Afrika, Okyanusya Dilleri ve Edebiyatları | PL248.O95 K67 2009 | 0009799 | 13/08/2010 | 15.00 | 15.00 | 26/10/2009 | 2 | 05/12/2024 | 05/12/2024 | Ötüken Yayınevi |
